Case of salminella spp. on pork at the market, in toul kork district, phnom penh , ករណី Salmonella Spp. លើសាច់ជ្រូកនៅផ្សារ ក្នុងខណ្ឌទួលគោក រាជធានីភ្នំពេញ (Record no. 24740)

000 -LEADER
fixed length control field 00625nam a22001337a 4500
040 ## - CATALOGING SOURCE
Transcribing agency RUA
082 ## - DEWEY DECIMAL CLASSIFICATION NUMBER
Classification number VEM SEA 2024 B1.330 Or.1
100 ## - MAIN ENTRY--AUTHOR NAME
Personal name SEAB SEY , សៀប សី
245 ## - TITLE STATEMENT
Title Case of salminella spp. on pork at the market, in toul kork district, phnom penh , ករណី Salmonella Spp. លើសាច់ជ្រូកនៅផ្សារ ក្នុងខណ្ឌទួលគោក រាជធានីភ្នំពេញ
260 ## - PUBLICATION, DISTRIBUTION, ETC. (IMPRINT)
Place of publication PHNOM PENH
Name of publisher RUA
Year of publication 2024
300 ## - PHYSICAL DESCRIPTION
Number of Pages ix,
Other physical details ill,
Dimensions 29cm,
856 ## - ELECTRONIC LOCATION AND ACCESS
Uniform Resource Identifier https://drive.google.com/file/d/1XMqAZWYbhwn-iuwPL2fziAqOjnPjWGlx/view?usp=sharing
942 ## - ADDED ENTRY ELEMENTS (KOHA)
Koha item type VEM
952 ## - LOCATION AND ITEM INFORMATION (KOHA)
Withdrawn status [LOCAL, KOHA] 0
952 ## - LOCATION AND ITEM INFORMATION (KOHA)
Withdrawn status [LOCAL, KOHA] 0
952 ## - LOCATION AND ITEM INFORMATION (KOHA)
Withdrawn status [LOCAL, KOHA] 0
Holdings
Permanent Location Date acquired Koha item type Lost status Shelving location Barcode Current Location Full call number
Library Block B2025-04-29VEM B1.330A082883Library Block BVEM SEA 2024 B1.330 Or.1
Library Block B2025-04-29VEM B1.330A083083Library Block BVEM SEA 2024 B1.330 Or.2
Library Block B2025-04-29VEM B1.330A082657Library Block BVEM SEA 2024 B1.330 Or.3
មជ្ឈមណ្ឌលឯការនៃសាកលវិទ្យាល័យភូមិន្ទកសិកម្មចំការដូង

Powered by Koha